|
|
|
|
| LEADER |
01237nam a2200289 a 4500 |
| 001 |
12303629 |
| 008 |
101206s2001 nyua b 001 0 eng d |
| 010 |
|
|
|a 2001019243
|
| 020 |
|
|
|a 0415234549 (hbk)
|
| 020 |
|
|
|a 0415234557 (pbk.)
|
| 040 |
|
|
|a DLC
|c DLC
|d DLC
|d BD-DhAAL
|
| 082 |
0 |
0 |
|a 659.1/01/4
|2 21
|
| 100 |
1 |
|
|a Cook, Guy
|q (Guy W. D.)
|
| 245 |
1 |
4 |
|a The discourse of advertising /
|c Guy Cook.
|
| 250 |
|
|
|a 2nd ed.
|
| 260 |
|
|
|a London ;
|a New York :
|b Routledge,
|c 2001.
|
| 300 |
|
|
|a xii, 256 p. :
|b ill. ;
|c 25 cm.
|
| 490 |
1 |
|
|a The Interface series
|
| 504 |
|
|
|a Includes bibliographical references (p. [242]-247) and index.
|
| 541 |
1 |
|
|e 00021543
|
| 650 |
|
0 |
|a Discourse analysis.
|
| 650 |
|
0 |
|a Advertising
|x Language.
|
| 830 |
|
0 |
|a Interface (London, England)
|
| 852 |
4 |
|
|a Ayesha Abed Library
|j General Shelf.
|
| 999 |
|
|
|c 10161
|d 10161
|
| 952 |
|
|
|0 0
|1 0
|2 ddc
|4 0
|6 659_101400000000000_COO
|7 0
|9 13497
|a BRACUL
|b BRACUL
|c GEN
|d 2010-12-07
|e Karim International
|g 2178.00
|l 3
|m 16
|o 659.1014 COO
|p 3010021543
|r 2025-08-26
|s 2025-08-10
|t 1
|w 2010-12-07
|y BK
|
| 952 |
|
|
|0 0
|1 0
|2 ddc
|4 0
|6 659_101400000000000_COO
|7 0
|9 13498
|a BRACUL
|b BRACUL
|c GEN
|d 2010-12-07
|e Karim International
|g 2178.00
|l 2
|m 13
|o 659.1014 COO
|p 3010021544
|r 2014-11-29
|s 2014-06-26
|t 2
|w 2010-12-07
|y BK
|